000 00789nam a22002777a 4500
001 000355
003 DO-SdBPM
005 20250211104703.0
007 000355
008 160705b2009 p ||| 00| 0 spa d
020 _a9786034026049
040 _aDO-SdBPM
_bspa
_cBPMSU
082 4 _a891.74
_bG669m 2009
_222
100 1 _aGorki, Máximo
_d 868-1936.
245 1 3 _aLa madre /
_cMáximo Gorki.
260 _aLima, Perú :
_bDidáctica,
_c2009.
300 _a190 p. :
_bil. ;
_c17 cm.
490 0 _aBiblioteca básica escolar
590 _aInventariado, 2025/VM
600 _2
650 4 _aLiteratura rusa
_ySiglo XX.
650 4 _aNovela rusa.
651 _aRusia
_xHistoria
_yRevolución, 1917-1921
910 _aVMateo V. Control de calidad. BPMSU
942 _2ddc
_cBK
999 _c10691
_d10691